<?xml version="1.0" encoding="UTF-8"?>
<record
    xmlns:xsi="http://www.w3.org/2001/XMLSchema-instance"
    xsi:schemaLocation="http://www.loc.gov/MARC21/slim http://www.loc.gov/standards/marcxml/schema/MARC21slim.xsd"
    xmlns="http://www.loc.gov/MARC21/slim">

  <leader>00753nam a2200229   4500</leader>
  <controlfield tag="005">20260312135832.0</controlfield>
  <controlfield tag="008">251202b        |||||||| |||| 00| 0 eng d</controlfield>
  <datafield tag="020" ind1=" " ind2=" ">
    <subfield code="a">978-93-5696-855-4</subfield>
  </datafield>
  <datafield tag="041" ind1=" " ind2=" ">
    <subfield code="a">Eng</subfield>
  </datafield>
  <datafield tag="082" ind1=" " ind2=" ">
    <subfield code="2">9th ed.</subfield>
    <subfield code="a">OG 618.1 KON B11910</subfield>
  </datafield>
  <datafield tag="100" ind1=" " ind2=" ">
    <subfield code="a">Konar, Hiralal</subfield>
    <subfield code="9">217113</subfield>
  </datafield>
  <datafield tag="245" ind1=" " ind2=" ">
    <subfield code="a">DC Dutta's Textbook of Gynecology </subfield>
  </datafield>
  <datafield tag="250" ind1=" " ind2=" ">
    <subfield code="a">9th ed. /RP2025</subfield>
  </datafield>
  <datafield tag="260" ind1=" " ind2=" ">
    <subfield code="a">New Delhi</subfield>
    <subfield code="b">Jaypee Brothers Medical Publisher</subfield>
    <subfield code="c">2024</subfield>
  </datafield>
  <datafield tag="300" ind1=" " ind2=" ">
    <subfield code="a">xxviii,660p.</subfield>
    <subfield code="b">pb</subfield>
    <subfield code="c">26.5x21cm</subfield>
  </datafield>
  <datafield tag="365" ind1=" " ind2=" ">
    <subfield code="a">Rupaye</subfield>
    <subfield code="b">1395</subfield>
    <subfield code="c">INR</subfield>
  </datafield>
  <datafield tag="500" ind1=" " ind2=" ">
    <subfield code="a">Midwifery</subfield>
  </datafield>
  <datafield tag="521" ind1=" " ind2=" ">
    <subfield code="a">DC Dutta's Textbook of Gynecology 
Videos, Animations, Case presentations MCQ and high yield topics for NEET/NEXT</subfield>
  </datafield>
  <datafield tag="650" ind1=" " ind2=" ">
    <subfield code="a">Gynecology </subfield>
    <subfield code="9">217114</subfield>
  </datafield>
  <datafield tag="651" ind1=" " ind2=" ">
    <subfield code="a">Gynecology </subfield>
    <subfield code="9">217115</subfield>
  </datafield>
  <datafield tag="942" ind1=" " ind2=" ">
    <subfield code="c">BK</subfield>
  </datafield>
  <datafield tag="999" ind1=" " ind2=" ">
    <subfield code="c">369248</subfield>
    <subfield code="d">369248</subfield>
  </datafield>
  <datafield tag="952" ind1=" " ind2=" ">
    <subfield code="0">0</subfield>
    <subfield code="1">0</subfield>
    <subfield code="2">ddc</subfield>
    <subfield code="4">0</subfield>
    <subfield code="7">3</subfield>
    <subfield code="8">REF</subfield>
    <subfield code="a">BTIN</subfield>
    <subfield code="b">BTIN</subfield>
    <subfield code="d">2025-11-18</subfield>
    <subfield code="e">Patil Medical Book</subfield>
    <subfield code="g">948.60</subfield>
    <subfield code="i">2026</subfield>
    <subfield code="l">0</subfield>
    <subfield code="o">OG 618.1 KON B11910</subfield>
    <subfield code="p">BTIN-BK-11910</subfield>
    <subfield code="r">2025-12-02 16:26:00</subfield>
    <subfield code="t">32%</subfield>
    <subfield code="v">1395.00</subfield>
    <subfield code="w">2025-10-29</subfield>
    <subfield code="y">BK</subfield>
    <subfield code="z">BTIN-BK-11910</subfield>
  </datafield>
  <datafield tag="952" ind1=" " ind2=" ">
    <subfield code="0">0</subfield>
    <subfield code="1">0</subfield>
    <subfield code="2">ddc</subfield>
    <subfield code="4">0</subfield>
    <subfield code="7">0</subfield>
    <subfield code="8">NFIC</subfield>
    <subfield code="a">BTIN</subfield>
    <subfield code="b">BTIN</subfield>
    <subfield code="d">2025-11-18</subfield>
    <subfield code="e">Patil Medical Book</subfield>
    <subfield code="g">948.60</subfield>
    <subfield code="i">2026</subfield>
    <subfield code="l">2</subfield>
    <subfield code="m">4</subfield>
    <subfield code="o">OG 618.1 KON B11911</subfield>
    <subfield code="p">BTIN-BK-11911</subfield>
    <subfield code="q">2026-04-09</subfield>
    <subfield code="r">2026-01-30 06:41:59</subfield>
    <subfield code="s">2026-01-30</subfield>
    <subfield code="t">32%</subfield>
    <subfield code="v">1395.00</subfield>
    <subfield code="w">2025-10-29</subfield>
    <subfield code="y">BK</subfield>
    <subfield code="z">BTIN-BK-11911</subfield>
  </datafield>
  <datafield tag="952" ind1=" " ind2=" ">
    <subfield code="0">0</subfield>
    <subfield code="1">0</subfield>
    <subfield code="2">ddc</subfield>
    <subfield code="4">0</subfield>
    <subfield code="7">0</subfield>
    <subfield code="8">NFIC</subfield>
    <subfield code="a">BTIN</subfield>
    <subfield code="b">BTIN</subfield>
    <subfield code="d">2025-11-18</subfield>
    <subfield code="e">Patil Medical Book</subfield>
    <subfield code="g">948.60</subfield>
    <subfield code="i">2026</subfield>
    <subfield code="l">3</subfield>
    <subfield code="m">3</subfield>
    <subfield code="o">OG 618.1 KON B11912</subfield>
    <subfield code="p">BTIN-BK-11912</subfield>
    <subfield code="r">2026-03-30 12:58:24</subfield>
    <subfield code="s">2026-01-30</subfield>
    <subfield code="t">32%</subfield>
    <subfield code="v">1395.00</subfield>
    <subfield code="w">2025-10-29</subfield>
    <subfield code="y">BK</subfield>
    <subfield code="z">BTIN-BK-11912</subfield>
  </datafield>
  <datafield tag="952" ind1=" " ind2=" ">
    <subfield code="0">0</subfield>
    <subfield code="1">0</subfield>
    <subfield code="2">ddc</subfield>
    <subfield code="4">0</subfield>
    <subfield code="7">0</subfield>
    <subfield code="8">NFIC</subfield>
    <subfield code="a">BTIN</subfield>
    <subfield code="b">BTIN</subfield>
    <subfield code="d">2025-11-18</subfield>
    <subfield code="e">Patil Medical Book</subfield>
    <subfield code="g">948.60</subfield>
    <subfield code="i">2026</subfield>
    <subfield code="l">2</subfield>
    <subfield code="m">3</subfield>
    <subfield code="o">OG 618.1 KON B11913</subfield>
    <subfield code="p">BTIN-BK-11913</subfield>
    <subfield code="q">2026-04-09</subfield>
    <subfield code="r">2026-01-30 06:44:41</subfield>
    <subfield code="s">2026-01-30</subfield>
    <subfield code="t">32%</subfield>
    <subfield code="v">1395.00</subfield>
    <subfield code="w">2025-10-29</subfield>
    <subfield code="y">BK</subfield>
    <subfield code="z">BTIN-BK-11913</subfield>
  </datafield>
  <datafield tag="952" ind1=" " ind2=" ">
    <subfield code="0">0</subfield>
    <subfield code="1">0</subfield>
    <subfield code="2">ddc</subfield>
    <subfield code="4">0</subfield>
    <subfield code="7">0</subfield>
    <subfield code="8">NFIC</subfield>
    <subfield code="a">BTIN</subfield>
    <subfield code="b">BTIN</subfield>
    <subfield code="d">2025-11-18</subfield>
    <subfield code="e">Patil Medical Book</subfield>
    <subfield code="g">948.60</subfield>
    <subfield code="i">2026</subfield>
    <subfield code="l">4</subfield>
    <subfield code="m">4</subfield>
    <subfield code="o">OG 618.1 KON B11914</subfield>
    <subfield code="p">BTIN-BK-11914</subfield>
    <subfield code="r">2026-03-12 17:25:06</subfield>
    <subfield code="s">2026-02-24</subfield>
    <subfield code="t">32%</subfield>
    <subfield code="v">1395.00</subfield>
    <subfield code="w">2025-10-29</subfield>
    <subfield code="y">BK</subfield>
    <subfield code="z">BTIN-BK-11914</subfield>
  </datafield>
</record>
